LEADER 01218nam0 22002891i 450 001 UON00506362 005 20231205105437.620 100 $a20211020d1978 |0itac50 ba 101 $aita 102 $aIT 105 $a|||| 1|||| 200 1 $aˆIl ‰Portogallo dalla prima alla seconda repubblica, 1910-1975$fPaolo Giannotti, Stefano Pivato 210 $aUrbino$cArgalìa$dc1978 215 $a201 p.$d22 cm 410 1$1001UON00506363$12001 $aCollana Storica$1210 $aUrbino$cArgalìa 606 $aPortogallo$xStoria$x1910-1975$3UONC098553$2FI 620 $aIT$dUrbino$3UONL001513 676 $a946.904$cStoria del Portogallo, 1910-$v21 700 1$aGIANNOTTI$bPaolo$3UONV222870$0139701 701 1$aPIVATO$bStefano$3UONV131290$0223781 712 $aArgalìa$3UONV267417$4650 801 $aIT$bSOL$c20260227$gRICA 899 $aSIBA - SISTEMA BIBLIOTECARIO DI ATENEO E ARCHIVIO STORICO$2UONSI 912 $aUON00506362 950 $aSIBA - SISTEMA BIBLIOTECARIO DI ATENEO E ARCHIVIO STORICO$dSI Port STO 354 $eSI LO 8924 5 354 996 $aPortogallo dalla prima alla seconda repubblica, 1910-1975$91881433 997 $aUNIOR